• 首页
  • 本馆介绍
  • 公告通知
  • 最新文献
  • 馆藏检索
  • 电子资源
  • 读者导购
  • 参考咨询
  • 我的图书馆
  • 登录
  • 详细信息显示
  • 放入我的书架
  • 预约/预借图书
  • 作者相关作品
  • 分类相关作品
  • 丛书相关作品
  • 出版社相关作品

书目信息

  • 表格格式
  • 工作单格式
  • 卡片格式
题名:
征收补偿法律实务深度解析
    
 
作者: 万立 编
分册:  
出版信息: 北京   法律出版社  2012.07
页数: 11,247页
开本: 23cm
丛书名: 云南刘胡乐律师事务所系列丛书
单 册:
中图分类: D922.384
科图分类:
主题词: 国有土地--房屋拆迁--土地征用--补偿--研究--中国 , 国有土地 , 房屋拆迁 , 土地征用 , 补偿
电子资源:
ISBN: 978-7-5118-3738-7
000 01170nam0 2200301 450
001 005938142
005 20130628105107.39
010    @a978-7-5118-3738-7@dCNY38.00
100    @a20120803d2012 em y0chiy0110 ea
101 0  @achi
102    @aCN@b110000
105    @ay z 000yy
106    @ar
200 1  @a征收补偿法律实务深度解析@9zheng shou bu chang fa lv shi wu shen du jie xi@f万立[等]编
210    @a北京@c法律出版社@d2012.07
215    @a11,247页@d23cm
225 1  @a云南刘胡乐律师事务所系列丛书@f万立总主编
304    @a编者还有:林丽、杨海燕、刀溧
330    @a本书对《国有土地上房屋征收和补偿条例》的亮点进行了弘扬,对不足部分给予分析,让读者在适用中明确利弊,大量的案例增加了对比和可操作性;相关法律法规的附入,使读者将本书当作成一套完整的拆迁与反拆迁的攻守宝典。本书避免理论研究,侧重房屋征收补偿法律的实际应用,对于当事人、相关办案人员具有很强的借鉴意义。
606 0  @a国有土地@x房屋拆迁@x土地征用@x补偿@x研究@y中国
606 0  @a国有土地
606 0  @a房屋拆迁
606 0  @a土地征用
606 0  @a补偿
690    @aD922.384@v5
701  0 @a万立@9wan li@f(1972~)@4编
801  0 @aCN@bNLC@c20120831
905    @b544818-22@dD922.384@e1039@f5
    
    征收补偿法律实务深度解析/万立[等]编.-北京:法律出版社,2012.07
    11,247页;23cm.-(云南刘胡乐律师事务所系列丛书/万立总主编)
    
    
    ISBN 978-7-5118-3738-7:CNY38.00
    本书对《国有土地上房屋征收和补偿条例》的亮点进行了弘扬,对不足部分给予分析,让读者在适用中明确利弊,大量的案例增加了对比和可操作性;相关法律法规的附入,使读者将本书当作成一套完整的拆迁与反拆迁的攻守宝典。本书避免理论研究,侧重房屋征收补偿法律的实际应用,对于当事人、相关办案人员具有很强的借鉴意义。
●
相关链接 在E读中查询图书 在五车中查询图书 在当当中查询图书 在豆瓣中查询图书


正题名:征收补偿法律实务深度解析     索取号:D922.384/1039         预约/预借

序号 登录号 条形码 馆藏地/架位号 状态 备注
1 544818   205448185   第一样本阅览室/ [索取号:D922.384/1039] 在馆    
2 544819   205448194   第一借阅区/ [索取号:D922.384/1039] 在馆    
3 544820   205448201   第一借阅区/ [索取号:D922.384/1039] 在馆    
4 544821   205448210   第一借阅区/ [索取号:D922.384/1039] 在馆    
5 544822   205448229   史法系资料室/ [索取号:D922.384/1039] 在馆    
唐山师范学院图书馆 欢迎您!
大连网信软件有限公司© 版权所有